=LDR 00000nam 2200000 4500 =001 INLIS000000000046289 =005 20150309100155.0 =006 =007 =008 =020 ##$$a 979-8736-55-9 =035 ##$$0010-031500000000061 =040 ##$$a NBPDMAT =082 ##$$a 320 =090 ##$$a 320 $b Kah P =100 ##$$a Kahin, Gorge Nicturnan =245 ##$$a PRRI $b pergolakan daerah atau pemberontakan $c Kahin, Gorge Nicturnan, lukman hakim =250 ##$$a Cet. 1 =260 ##$$a jakarta : Media Da;wah $b 2008 =300 ##$$a viii, 139 hlm. : $b 15 cm. =700 ##$$a Kahin George Nicturnan =990 ##$$a 0001/BPAP-NTB/20142015 =990 ##$$a 0001/BPAP-NTB/20142015 =990 ##$$a 0001/BPAP-NTB/20142015 =990 ##$$a 0001/BPAP-NTB/20142015 =990 ##$$a 0001/BPAP-NTB/20142015 =990 ##$$a 0001/BPAP-NTB/20142015 =990 ##$$a 0001/BPAP-NTB/20142015 =990 ##$$a 0001/BPAP-NTB/20142015 =990 ##$$a 0001/BPAP-NTB/20142015 =990 ##$$a 0001/BPAP-NTB/20142015 =990 ##$$a 0001/BPAP-NTB/20142015 =990 ##$$a 0001/BPAP-NTB/20142015